| 000 | 01223nam0a2200241 i 4500 | ||
|---|---|---|---|
| 001 | RU\NLR\bibl\1935728 | ||
| 005 | 20240726035934.0 | ||
| 035 | _a(NLR Aleph) 001925033 | ||
| 090 |
_a3358112 _c3358112 |
||
| 100 | _a20120820d2008 |||y0rusy50 ca | ||
| 101 | 0 | _arus | |
| 102 | _aRU | ||
| 105 | _ay dm ||||| | ||
| 200 | 1 |
_aПроблемы взаимоотношений государства и церкви в Российской империи в первой половине XVIII века _e(на примере Нижегородской епархии) _eавтореферат диссертации на соискание ученой степени к. ист. н. _eспециальность 07.00.02 <Отеч. ист.> _fБодрин Алексей Владимирович _g[Арзамас. гос. пед. ин-т им. А.П. Гайдара] |
|
| 210 |
_aМосква _d2008 |
||
| 215 |
_a19 с. _d21 |
||
| 320 | _aБиблиогр.: с. 18-19 (9 назв.) и в подстроч. примеч. | ||
| 686 |
_a07.00.02 _2oksvnk |
||
| 700 | 1 |
_aБодрин _bА. В. _gАлексей Владимирович |
|
| 801 | 0 |
_aRU _bNLR _c20120820 _gRCR |
|
| 801 | 1 |
_aRU _bNLR _c20120820 |
|
| 942 | _cBOOK | ||